Comentarios al caso de un sujeto que fue afianzado en 100 reales por ciertas cuentas con otro

Detalles Bibliográficos
Formato: Libro
Publicado: s.l., s.f.
Colección:Banco de datos
Acervo:Biblioteca Palafoxiana. Colección de Manuscritos
Descripción Física:1 f. ; 21 x 30 cm.
LEADER 00369nam a22001210004500
035 |a 1293 
245 1 0 |a Comentarios al caso de un sujeto que fue afianzado en 100 reales por ciertas cuentas con otro 
260 |a s.l., s.f. 
300 |a 1 f. ; 21 x 30 cm. 
949 |a 32280/047 
942 |c PALAMANU 
943 |g Biblioteca Palafoxiana. Colección de Manuscritos 
999 |c 1069238  |d 1069238